| 000 | 00491nam a2200121Ia 4500 | ||
|---|---|---|---|
| 008 | 160712s9999 xx 000 0 und d | ||
| 100 | _aTiatco, Sir Anril P. | ||
| 245 |
_cSir Anril P. Tiatco _aThe Possibilities and Problems of Entanglement in Contemporary Manila Theater: Pista as Model, Rizal X as Exemplar |
||
| 260 |
_c2016 _bHumanities Diliman |
||
| 300 | _avol. 13 no. 2 | ||
| 650 | _xHUMANITIES | ||
| 856 | _uhttp://journals.upd.edu.ph/index.php/humanitiesdiliman/issue/view/544/showToc | ||
| 999 |
_c296988 _d296988 |
||